000
00322nam a22001457a 4500
008
210301b ||||| |||| 00| 0 eng d
020
_a
9780761922148
041
_a
eng
080
_2
2nd
_a
32
082
_a
32
100
_a
19
101
_a
SHP
245
_a
Evaluating Research Articles
_c
Girden, E.R
942
_2
udc
_c
BK
999
_c
55385
_d
55385